Language Quiz

Random Language or Poem Quiz

Homophones Come Versed Quiz Stats

 Plays Quiz Updated Sep 6, 2017

Challenge
Share
Tweet
Embed
Score 0/14 Timer 06:00
1 Play Today
Verse Homophones (in correct sequence) % Correct
“A hive and some honey...
it's plain to me:
That would __ a ___ you SEE.”
be bee
98%
Her beau was late, the dinner could wait; so they ____ at ______
to complete the DATE.
ate eight
84.4%
“This ______ looks ______!”
the chairman ROARED.
“This apathy won't be ignored;
a sleepy group I can't afford.”
So quickly he had coffee poured!
board bored
71%
The distasteful _____ was ________ as planned, because 'rock'-hating folk singers took a STAND.band banned
67.9%
“It's wooly (and a mommy too): That’s a ____, and ____ won't hear 'MOO!'”ewe you
66.8%
The pirate's sight had now gone by; his patch, he thought, had gone awry. He asked if it was on his ___; so __ said “___,” and he did SIGH. (3 wds)eye I Aye
62%
You have the _____to_____what's_____; to cite a slight that caught your SIGHT. An error is this author's blight. When commenting: Please, keep it light.
(3 wds; 2 spelled same)
right write right
55.8%
Verse Homophones (in correct sequence) % Correct
Achilles heard the doctor's spiel: _____ ably _____ his _____ with ZEAL. (3 wds)He'll heal heel
54.9%
The studio built _____ of _____, then staged its plots in different SPOTS.
(2 wds spelled the same)
lots lots
51.2%
The _____ has ________, it happens FAST. It has to die; the die is cast.
For it, a flag flies at half-mast;
for time can never ever last!
past passed
51%
It's true, I _____ the ____ was ____!
I fed it peanuts at the ZOO. But antelopes prefer we strew, some grass around their hooves to chew. (3 wds)
knew gnu new
49.4%
She _________ her ______
would be well-dressed
(predicting he would wear a VEST).
And if he wore one on his chest,
then both of them would pass the test!
guessed guest
48.5%
“Thems cattles' loose!” he'd gotten word; still listening, his horse he spurred.
He ______ the _____,
the dust got STIRRED;
the cowboy's roundup now occurred.
heard herd
48.4%
How snooty are those ______ with _____! The 'next-in-line,' he never CARES. Bequeathed to him are new-found wares; so greedily he claims his shares.heirs airs
34%

You're not logged in!

Compare scores with friends on all Sporcle quizzes.
OR
Log In

You Might Also Like...

Show Comments

Extras

Top Quizzes Today


Score Distribution

Your Account Isn't Verified!

In order to create a playlist on Sporcle, you need to verify the email address you used during registration. Go to your Sporcle Settings to finish the process.

Report this User

Report this user for behavior that violates our Community Guidelines.

Details: